Partneři i soupeři
EÚ a USA. Ako riadiť každodenný režim tohoto vzťahu ? Autor venuje pozornosť trom aspektom tejto otázky: bilaterálnym vzťahom, prístupu k tretím krajinám a podielu na riadení globálnych vzťahov.
Enregistré dans:
| Auteur principal: | |
|---|---|
| Format: | Chapitre de livre |
| Langue: | tchèque |
| Sujets: | |
| Tags: |
Pas de tags, Soyez le premier à ajouter un tag!
|
MARC
| LEADER | 00000naa a2200000 4500 | ||
|---|---|---|---|
| 001 | r048015 | ||
| 005 | 20231004070942.2 | ||
| 041 | 0 | |a cze | |
| 044 | |a CZ | ||
| 245 | 1 | 0 | |a Partneři i soupeři |c Pascal Lamy |
| 520 | |a EÚ a USA. Ako riadiť každodenný režim tohoto vzťahu ? Autor venuje pozornosť trom aspektom tejto otázky: bilaterálnym vzťahom, prístupu k tretím krajinám a podielu na riadení globálnych vzťahov. | ||
| 610 | 2 | 0 | |a Európska únia |
| 610 | 2 | 0 | |a USA |
| 610 | 2 | 0 | |a vzťahy hospodárske medzinárodné |
| 610 | 2 | 0 | |a vzťahy politické medzinárodné |
| 610 | 2 | 0 | |a globalizácia |
| 100 | 1 | |a Lamy, Pascal | |